[Event "3. Open Bohumin 2020"]
[Site "Bohumin"]
[Date "2020.07.25"]
[Round "8.17"]
[White "Neumann, Filip"]
[Black "Kondys, Piotr"]
[Result "1-0"]
[WhiteElo "2044"]
[BlackElo "1483"]
[Annotator "TA"]
[PlyCount "55"]
[EventDate "2020.07.18"]
[EventType "swiss"]
[EventCountry "CZE"]
[SourceTitle "playchess.com"]
[Source "ChessBase"]
[SourceQuality "1"]

{[%evp 11,55,4,21,-2,6,4,4,2,8,0,0,0,9,-21,-10,-13,-23,-27,-36,-65,-64,-56,0,0,0,0,333,187,181,119,247,244,687,459,518,515,1879,1885,1808,1799,1893,1684,1610,1568,29998,29999]} 1. d4 Nf6 2. Bf4 d5 3. e3 e6 4. Nf3 c5 5. c3 Nc6 6. Nbd2 h6 7. Bg3 {D02: 1 d4 d5 2 Nf3 sidelines, including 2...Nf6 3 g3 and 2...Nf6 3 Bf4.} Bd6 8. Bb5 O-O 9. Bxc6 {The position is equal.} bxc6 10. Qa4 Bxg3 11. hxg3 Qb6 {[#]} 12. Rb1 $146 ({Predecessor:} 12. O-O Nd7 13. Rfc1 c4 14. b3 cxb3 15. axb3 Bb7 16. b4 Qc7 17. c4 Rfb8 18. cxd5 {1-0 (28) Sandipan,C (2545)-Bharat,K (2337) Majitar 2019}) 12... cxd4 13. cxd4 c5 14. dxc5 Qxc5 15. g4 Bd7 16. Qf4 Rfc8 (16... Rac8 $15 17. Rd1 Qc7) 17. Rd1 $1 $11 Qc7 {Threatens to win with ...Qxf4.} 18. Ne5 $1 {aiming for g5.} Kf8 $2 {[%mdl 8192] [#]} (18... Rab8 $11 {and Black stays safe.}) 19. g5 (19. Rxh6 $142 $1 {[%mdl 512]} gxh6 20. Qxf6) 19... hxg5 $18 20. Qxg5 (20. Rh8+ $18 Ke7 21. Ng6+ fxg6 22. Qxc7 {[%mdl 64] Overworked Piece} Rxc7 23. Rxa8) 20... Ke7 {[#] Loses the game.} (20... Be8 $16 {might work better.}) 21. Rh7 $1 {[%cal Rh7g7]} Rh8 $2 (21... Qxe5 22. Qxe5 Nxh7) 22. Rxg7 Rh1+ {[#]} 23. Ke2 $1 Rxd1 (23... Bb5+ $142 24. Kf3 Qxe5 25. Qxe5 Rxd1) 24. Rxf7+ Kd6 25. Kxd1 Rc8 26. Qf4 Qc2+ {[#]} 27. Ke2 $1 Bb5+ {[#]} 28. Nec4+ $1 {[%mdl 64] Discovered Attack (Double check). Accuracy: White = 65%, Black = 42%.} 1-0

[Event "3. Open Bohumin 2020"]
[Site "Bohumin"]
[Date "2020.07.25"]
[Round "8.18"]
[White "Stehlik, Jiri"]
[Black "Pekarek, Ales"]
[Result "1-0"]
[WhiteElo "1855"]
[BlackElo "2277"]
[Annotator "TA"]
[PlyCount "71"]
[EventDate "2020.07.18"]
[EventType "swiss"]
[EventCountry "CZE"]
[SourceTitle "playchess.com"]
[Source "ChessBase"]
[SourceQuality "1"]

{[%evp 12,71,40,41,50,48,49,48,51,35,85,60,53,53,59,14,20,-100,80,77,77,50,213,0,-10,-151,-151,-270,-51,-135,-117,-165,-167,-157,-162,-170,-159,-147,-116,-330,-131,-421,-425,-361,64,0,41,-150,-25,0,1096,1095,1068,1068,1059,1043,29995,29996,29996,29997,29997,29996]} 1. d4 d6 2. e4 Nf6 3. Nc3 Nbd7 4. Nf3 e5 5. Bc4 Be7 6. O-O h6 7. Re1 c6 {C41: Philidor Defence.} 8. a4 Qc7 9. Ba2 Nf8 {[%cal Bd7f8,Bf8g6,Bg6f4][%mdl 32] White is slightly better.} 10. h3 g5 11. Nh2 Ng6 12. Be3 {[#]} Bd7 $146 ({Predecessor:} 12... Nf4 13. Kh1 Rg8 14. a5 h5 15. a6 b6 16. d5 c5 17. Bc4 Bd7 18. Bb5 Kf8 19. Bxd7 Qxd7 {0-1 (49) Kaufeld,J (2432)-Brunke,C (2050) Playchess.com INT 2020}) 13. dxe5 dxe5 14. Ng4 (14. a5 $11) 14... Rd8 $2 (14... Nxg4 $17 {and life is bright.} 15. hxg4 O-O) 15. Nxf6+ $16 Bxf6 16. Qf3 (16. Bxa7 b6 $17) 16... Nf4 17. Rad1 $2 (17. g3 $1 $18) 17... Rg8 $11 18. g4 (18. Bxf4 $11 {keeps the balance.} gxf4 19. b4) 18... h5 $1 $17 19. Qg3 (19. gxh5 $2 g4 $19) (19. Bxf4 $17 gxf4 20. g5) 19... Qc8 $2 (19... hxg4 $19 {Threatens to win with ...Rh8.} 20. hxg4 Rh8) 20. f3 (20. Rd6 $1 $15 Be7 21. Rh6) 20... Rh8 21. Bxf4 (21. Bxa7 $2 hxg4 22. hxg4 Rh3 $19) 21... gxf4 22. Qg2 hxg4 23. fxg4 Ke7 24. Re2 (24. Qd2 $2 Bxg4 25. Nd5+ cxd5 $19) 24... Rdg8 {[%cal Rd7g4] ...Bxg4! is the strong threat.} 25. Qf3 $2 {[#]} (25. Red2 $17 Be8 26. Rd3 (26. Rd6 Bh4 $15)) 25... Rh4 $2 (25... Rxg4+ $1 $19 {[%mdl 512] is more deadly.} 26. hxg4 Bxg4) 26. Rh2 $2 {[%mdl 8192] [#]} (26. Qd3 $17 {might work better.} Qc7 27. Rh2 (27. Red2 $2 Bxg4 28. hxg4 Rgxg4+ 29. Kf1 Rh1+ 30. Ke2 Rg2+ 31. Kf3 Rg3+ {[%mdl 64] Skewer} 32. Ke2 Rxd3 $19)) 26... Bxg4 $1 $19 {[%mdl 512]} 27. hxg4 {[#]} Rhxg4+ $2 (27... Rxh2 $1 $19 28. Be6 (28. Kxh2 $2 {is the wrong capture.} Rxg4 29. Be6 Qh8+ 30. Qh3 Rh4 $19) 28... Qxe6 29. Kxh2 Rxg4) 28. Kh1 (28. Kf1 $1 $14) 28... Rg3 (28... Rh8 $5 29. Rdd2 $8 Rg3 $11) 29. Qf2 $2 {[#]} (29. Qh5 $14 {keeps the upper hand.} R8g7 30. Ne2) 29... Rh8 (29... Qg4 $1 $17 30. Bc4 b6 {[%mdl 64] Remove Defender}) 30. Rd3 $1 $11 {aiming for Qc5+.} Bh4 $2 {[%mdl 8192]} (30... Rhh3 $11 31. Ne2 Qg4) 31. Qc5+ $18 {[%mdl 64] Double Attack} Kf6 32. Rd6+ Kg7 33. Qxe5+ {[%mdl 64] Double Attack} f6 34. Qe7+ {White mates.} Kg6 35. Qf7+ Kg5 36. Qxf6+ {Accuracy: White = 37%, Black = 49%.} 1-0

[Event "3. Open Bohumin 2020"]
[Site "Bohumin"]
[Date "2020.07.25"]
[Round "8.19"]
[White "Petrov, Nikolaj"]
[Black "Horvath, Tomas"]
[Result "0-1"]
[WhiteElo "1743"]
[BlackElo "2039"]
[Annotator "TA"]
[PlyCount "76"]
[EventDate "2020.07.18"]
[EventType "swiss"]
[EventCountry "CZE"]
[SourceTitle "playchess.com"]
[Source "ChessBase"]
[SourceQuality "1"]

{[%evp 17,76,33,33,33,37,25,30,23,54,46,54,0,6,-10,-13,-27,-20,-33,-29,-33,-23,-71,-64,-141,-135,-125,-67,-191,-185,-317,-331,-353,-141,-266,-128,-133,-133,-115,-118,-941,-923,-1381,-1305,-1048,-1003,-957,-853,-821,-820,-1041,-1072,-1069,-1060,-1060,-1025,-1025,-1006,-29971,-29974,-29973,-2294]} 1. Nf3 Nf6 2. c4 b6 3. Nc3 Bb7 4. g3 g6 5. Bg2 Bg7 6. O-O O-O 7. d4 d6 8. Re1 Nbd7 9. e4 e5 10. d5 {E68: King's Indian: Fianchetto: 6...Nbd7 7 0-0 e5 8 e4.} a5 11. Bg5 {[#]} Nc5 $146 ({Predecessor:} 11... h6 12. Bd2 Ne8 13. Qc2 Nc5 14. b3 f5 15. a3 Bc8 16. b4 axb4 17. axb4 Rxa1 18. Rxa1 Nxe4 19. Nxe4 fxe4 {½-½ (32) Alvarez,L (2082)-Segado,A (2136) Santa Fe 2018}) 12. Qc2 {White has an edge.} h6 13. Be3 Ng4 14. Bxc5 bxc5 15. h3 Nf6 16. Qa4 Bc8 17. Nd2 Bd7 18. Qc2 Nh5 19. Nf3 f5 20. Nh4 {[#]} (20. Qe2 $15) 20... f4 $1 $36 {[%mdl 2048] White is under strong pressure.} 21. Nxg6 {[#]} Rf6 (21... Rf7 $1 $17 22. Nh4 fxg3) 22. Qd1 ({White should play} 22. Nh4 $15 fxg3 23. fxg3 (23. Nf5 gxf2+ 24. Qxf2 Nf4 $17)) 22... fxg3 $19 23. f4 (23. fxg3 $142 Nxg3 24. Nh4) 23... Nxf4 ({Stronger than} 23... Rxg6 24. Qxh5 Kh7 25. f5 $11) 24. Nxf4 Rxf4 $2 (24... exf4 $19 25. e5 dxe5) 25. Ne2 (25. Re3 $17) 25... Rh4 (25... Qh4 $19 {has better winning chances.} 26. Qb3 Bxh3 27. Qxg3 Bxg2 28. Qxh4 Rxh4 29. Kxg2 Rxe4) 26. Nxg3 $17 Bxh3 27. Bxh3 Rxh3 28. Kg2 $2 {[%mdl 8192]} (28. Qg4 $17 Rh4 29. Qg6) 28... Qh4 $19 {( -> ...Rh2+)} 29. Qd3 Rh2+ 30. Kg1 {[#]} Qh3 $1 {[%csl Gh2][%cal Rh3g2]} 31. Re2 Rxe2 {[%mdl 64] Overworked Piece} 32. Qxe2 Qxg3+ 33. Kh1 Rf8 34. Rg1 Qh3+ 35. Qh2 Qxh2+ 36. Kxh2 Rf2+ 37. Rg2 Rxg2+ 38. Kxg2 Kf7 {Accuracy: White = 37%, Black = 70%.} 0-1

[Event "3. Open Bohumin 2020"]
[Site "Bohumin"]
[Date "2020.07.25"]
[Round "8.20"]
[White "Dziendziel, Mateusz"]
[Black "Kolar, Stanislav"]
[Result "0-1"]
[WhiteElo "1768"]
[BlackElo "2024"]
[Annotator "TA"]
[PlyCount "146"]
[EventDate "2020.07.18"]
[EventType "swiss"]
[EventCountry "CZE"]
[SourceTitle "playchess.com"]
[Source "ChessBase"]
[SourceQuality "1"]

{[%evp 10,146,40,-16,6,-8,18,0,0,0,0,0,0,0,31,36,30,-26,-18,-19,-30,-28,-13,-39,-25,-46,-24,-42,-22,-50,-58,-62,-62,-54,-12,-34,0,-11,0,0,0,0,0,0,0,-12,-12,-15,-15,-23,0,0,0,0,0,0,0,1,16,0,12,12,39,27,27,29,24,9,9,3,9,4,6,0,0,0,7,-7,0,-45,-45,-47,-47,-45,-18,-34,0,0,0,0,0,0,0,0,0,0,0,0,0,-4,-5,-5,0,0,0,-12,-12,-56,-43,-52,-31,-31,0,0,0,-8,-11,-35,-8,-151,-157,-104,-101,-284,-284,-284,-254,-277,-157,-129,-156,-445,-360,-4452,-4308,-2534,-2406,-1710,-1674]} 1. e4 e6 2. d4 d5 3. Nc3 dxe4 4. Nxe4 Nd7 5. Nf3 Ngf6 6. Ng3 (6. Nxf6+ $14 Nxf6 7. Bd3) 6... Bd6 {C10: French with 3 Nc3: Unusual Black 3rd moves and 3...dxe4.} 7. Bd3 b6 8. Qe2 Bb7 {The position is equal.} 9. Nf5 O-O 10. Nxd6 cxd6 11. O-O h6 {[#]} 12. Re1 $146 ({Predecessor:} 12. c3 Qe7 13. Re1 Rfe8 14. Nd2 Rad8 15. f3 Nf8 16. Ne4 Nxe4 17. fxe4 e5 18. Qg4 {½-½ (59) Paehtz,T (2318)-Schild,C (2268) Germany 2006}) 12... Re8 13. Bb5 (13. Bf4 $142) 13... a6 $36 {[%mdl 2048] White is under pressure.} 14. Ba4 b5 15. Bb3 Nb6 16. Bd2 Qd7 17. c3 Be4 18. Bf4 Qc6 19. Nd2 {[%cal Rd2e4]} Bxg2 {[#]} 20. Bxd6 $1 {[%mdl 512]} Qxd6 21. Kxg2 Nbd5 {...Nf4+ is the strong threat.} 22. Qf3 Qf4 23. Ne4 Rad8 (23... Qxf3+ {looks sharper.} 24. Kxf3 Red8 25. Rad1 g6 26. Nc5 Ne7) 24. Rad1 Qxf3+ 25. Kxf3 Nxe4 26. Rxe4 Nf6 27. Re2 Rd6 28. a3 Red8 29. Rde1 Nh7 30. Re5 g6 31. Rc5 Nf6 32. Rc7 Nd7 33. Ra7 Kg7 34. Re2 Kf6 35. a4 e5 36. axb5 axb5 37. Re4 b4 38. Ke3 bxc3 39. bxc3 g5 40. Rc7 exd4+ 41. cxd4 Rf8 42. Kd3 Ra8 43. Kc3 Ra5 44. Re3 Rf5 $1 45. f3 Rf4 46. Rd3 Kg6 47. Ba4 Nb6 (47... Nf6 {is more complex.} 48. Kc4 h5 49. Rc5 Ra6 50. Kb4 Kh6) 48. Bc6 Nd5+ (48... Rff6 {with more complications.} 49. Be4+ Kg7 50. Kb4 Nd7 51. Kb5 Rb6+) 49. Bxd5 $1 Rxd5 {[%mdl 4096] Endgame KRR-KRR} 50. Rc5 Rd6 51. Kc4 Kf6 52. Rd5 Ke6 53. Re5+ Kd7 54. Re4 Rc6+ 55. Kd5 Rd6+ 56. Kc4 $1 Rff6 57. d5 Ra6 58. Kc5 Ra5+ 59. Kb4 Ra2 (59... Ra8 {seems wilder.} 60. h4 Rc8 61. hxg5 Rb6+ 62. Ka3 hxg5 63. Rb3 Rxb3+ 64. Kxb3 Kd6) 60. h4 Rf2 61. hxg5 hxg5 62. Rg4 Rf5 63. Kc4 f6 64. Rg3 (64. f4 $11 {remains equal.}) 64... Kd6 $17 65. Rh3 ({White should play} 65. Kc3) 65... Rc2+ 66. Kb3 $2 (66. Kd4 $17 {is the only way for White.}) 66... Rc5 $19 67. Kb4 Rcxd5 68. Kc3 Rxd3+ (68... Rfe5 $19 69. Kd2 Ke6 70. Rxd5 Kxd5) 69. Kxd3 $17 {[#]} Re5 $1 70. Kd4 $2 {This move loses the game for White.} (70. f4 $17 Rd5+ 71. Ke2) 70... Ke6 $19 71. Rh8 $2 (71. Rg3 Re1 72. Rg4) 71... Kf5 {Black is clearly winning.} 72. Rf8 Re6 73. Rh8 Kf4 {Accuracy: White = 75%, Black = 83%.} 0-1

[Event "3. Open Bohumin 2020"]
[Site "Bohumin"]
[Date "2020.07.26"]
[Round "9.1"]
[White "Kriebel, Tadeas"]
[Black "Pilch, Roman"]
[Result "1-0"]
[WhiteElo "2517"]
[BlackElo "2168"]
[Annotator "TA"]
[PlyCount "131"]
[EventDate "2020.07.18"]
[EventType "swiss"]
[EventCountry "CZE"]
[SourceTitle "playchess.com"]
[Source "ChessBase"]
[SourceQuality "1"]

{[%evp 11,131,64,77,85,85,81,111,30,143,72,95,77,97,104,131,130,116,73,101,100,88,75,94,98,109,50,75,27,28,35,42,13,20,12,12,17,23,13,58,59,54,53,115,97,546,512,464,152,152,152,152,154,158,157,156,152,152,152,157,140,140,127,141,142,142,141,141,141,144,141,146,139,158,158,179,185,197,174,159,159,160,160,160,160,332,295,368,364,357,316,302,255,640,631,558,553,627,618,630,604,743,757,984,6414,4849,4849,7014,6435,5992,5501,6279,6193,5089,4890,2142,1863,5985,5405,2350,2162,29980,29981]} 1. d4 b5 2. e4 a6 3. Bd3 Bb7 4. Nf3 e6 5. O-O c5 6. c3 d6 7. a4 {B00: Queen's Fianchetto Defence, Nimzowitsch Defence.} c4 {[#]} 8. Bc2 $1 Nd7 {[#]} 9. Bg5 $146 (9. d5 $16) ({Predecessor:} 9. d5 e5 10. Na3 Ngf6 11. Bg5 Be7 12. axb5 axb5 13. Nxb5 O-O 14. Rxa8 Qxa8 15. Bxf6 Nxf6 {1-0 (35) Nisipeanu,L (2661)-Carlstedt,J (2383) Germany 2013}) 9... Qc7 (9... Be7 $11 {keeps the balance.} 10. Bxe7 Nxe7) 10. Na3 (10. axb5 $142 h6 11. Be3) 10... d5 11. axb5 Bxa3 12. Rxa3 axb5 13. Rxa8+ Bxa8 14. Qa1 Bc6 15. e5 h6 16. Bh4 b4 17. cxb4 Ne7 18. Qa3 (18. b5 $16 Bxb5 19. Bxe7 (19. Qa3 Nc6 $11) 19... Kxe7 20. Qa3+ Kd8 21. Ra1) 18... Bb5 $14 19. Ra1 {Hoping for Qa8+.} Nc6 $1 20. Qc3 O-O 21. Bb1 $40 {[%mdl 128] White attacks.} Rb8 22. Bg3 (22. g4 {is interesting.} Nf8 23. Ne1 Qb6 24. Nc2 Rb7 25. f4) 22... Qb7 23. Bf4 Ra8 24. Ra3 Ra6 25. h4 Qa7 26. Kh2 Ba4 ({Better is} 26... Rxa3 $14 27. bxa3 Qa4) 27. Qd2 $16 Nf8 $2 {[%mdl 8192]} (27... Kf8 $16) 28. Bxh6 $18 Qe7 29. Qg5 $2 (29. Bxg7 $18 {and White stays clearly on top. aiming for Qh6.} Kxg7 30. Ng5) 29... Qxg5 $16 30. Bxg5 Nxb4 31. Bd2 Nc6 {[#]} 32. Bc2 $1 {[%cal Rc2a4]} Bb5 33. Rxa6 Bxa6 34. Ba4 Na7 35. g4 Bb5 36. Bc2 Nc6 37. Kg3 Nd7 38. Bc3 Nb6 39. Kf4 Ba4 40. Bb1 Bd1 41. Ke3 Na4 42. Nh2 Na7 43. Kd2 Bb3 44. f4 Nb5 45. f5 Naxc3 46. bxc3 {[%mdl 4096] Endgame KBN-KBN} Na3 47. Kc1 Nb5 $2 (47... Nxb1 $16 {was worth a try.} 48. Kxb1 exf5) 48. Kb2 Bd1 49. fxe6 fxe6 50. Bg6 Kf8 51. g5 Ke7 $2 (51... Na7 52. Kc1 Bb3) 52. h5 $18 Kf8 53. h6 gxh6 54. gxh6 Kg8 55. Kc1 Ba4 56. Kd2 Nc7 57. Nf3 Be8 58. Bxe8 {White wants to mate with Bg6.} Nxe8 {KN-KN} 59. Ng5 Nc7 60. Kc2 Kh8 61. Kb2 Nb5 62. Nxe6 Kh7 63. Nf4 Nc7 64. e6 Kxh6 65. e7 Kg7 {[#]} 66. Ne6+ $1 {[%mdl 576] Double Attack. Accuracy: White = 79%, Black = 64%.} 1-0

[Event "3. Open Bohumin 2020"]
[Site "Bohumin"]
[Date "2020.07.26"]
[Round "9.2"]
[White "Molenda, Marcin"]
[Black "Poysti, Nathanael"]
[Result "1/2-1/2"]
[WhiteElo "2363"]
[BlackElo "2209"]
[Annotator "TA"]
[PlyCount "48"]
[EventDate "2020.07.18"]
[EventType "swiss"]
[EventCountry "CZE"]
[SourceTitle "playchess.com"]
[Source "ChessBase"]
[SourceQuality "1"]

{[%evp 9,48,24,34,27,37,31,25,29,34,31,33,24,46,34,32,12,18,19,28,6,11,8,11,6,14,11,4,13,8,15,9,0,-7,-13,0,0,0,0,781,496,666]} 1. d4 Nf6 2. c4 e6 3. Nf3 a6 4. Nc3 d5 5. cxd5 exd5 6. Bg5 {D37: Queen's Gambit Declined: 5 Bf4.} Be6 7. e3 Nbd7 8. Bd3 {White has an edge.} Bd6 9. O-O O-O 10. Qc2 h6 11. Bf4 Qe7 {[#]} 12. Rae1 $146 ({Predecessor:} 12. Bxd6 Qxd6 13. a3 Bg4 14. Nd2 c5 15. dxc5 Nxc5 16. h3 Bd7 17. Nf3 Rac8 18. Rac1 {0-1 (62) Riazantsev,A (2671)-Carlsen,M (2840) Doha 2016}) 12... c5 13. dxc5 Nxc5 14. Nd4 Rac8 15. Nf5 Bxf5 $1 16. Bxf5 Ne6 17. Qb3 Rfd8 18. Bxd6 Qxd6 19. Rd1 ({Don't go for} 19. Qxb7 $2 Rb8 $19) 19... Qe5 20. Bh3 b5 21. a4 bxa4 22. Qxa4 Rb8 23. Bxe6 Rbc8 $2 {[%mdl 8192] [#]} (23... fxe6 $11 24. Rd2 Rd6) 24. Bh3 Rc4 {[%mdl 32768] Accuracy: White = 89%, Black = 89%. . An unexpected result.} 1/2-1/2

[Event "3. Open Bohumin 2020"]
[Site "Bohumin"]
[Date "2020.07.26"]
[Round "9.3"]
[White "Goluch, Piotr"]
[Black "Pulpan, Jakub"]
[Result "0-1"]
[WhiteElo "2376"]
[BlackElo "2410"]
[Annotator "TA"]
[PlyCount "45"]
[EventDate "2020.07.18"]
[EventType "swiss"]
[EventCountry "CZE"]
[SourceTitle "playchess.com"]
[Source "ChessBase"]
[SourceQuality "1"]

{[%evp 13,45,12,21,21,27,16,36,43,50,42,27,0,0,4,0,0,0,-19,-10,-25,-25,-243,-235,-398,-386,-401,-375,-376,-375,-354,-361,-456,-437,-445]} 1. d4 Nf6 2. c4 e6 3. g3 d5 4. Bg2 Be7 5. Nf3 O-O 6. O-O dxc4 7. Qc2 b5 8. a4 {E05: Open Catalan: 5 Nf3 Be7.} b4 9. Nfd2 Nd5 $1 {[%mdl 4] outshines the older 9...c6.} 10. Nxc4 {White is slightly better.} c5 11. dxc5 Ba6 12. Rd1 {[#] e4 is the strong threat.} Nd7 13. e4 N5f6 {[#]} 14. Nd6 $146 ({Predecessor:} 14. b3 Bxc5 15. Be3 Bxc4 16. Qxc4 Bxe3 17. fxe3 Qb6 18. Qd4 Nc5 19. a5 Qc7 20. Qxb4 {1-0 (51) Esipenko,A (2590)-Nguyen,T (2364) Tallinn 2019}) 14... Qc7 15. e5 Nd5 16. Nb5 Qa5 ({But not} 16... Qxe5 $6 17. Bxd5 exd5 18. Bf4 $11) 17. Nd2 $2 {[#]} (17. Bxd5 $11 exd5 18. c6 Nxe5 19. Bf4 Nf3+ 20. Kg2 Bxb5 {[%mdl 64] Pin} 21. Kxf3) 17... Bxb5 $19 18. axb5 $2 (18. Nb3 {might work better.} Bxa4 19. Bxd5 exd5 20. Qf5) 18... Qxa1 19. c6 Nc5 20. Nc4 Qa4 21. Qxa4 Nxa4 22. Bxd5 exd5 23. Rxd5 {White got outplayed after the opening. Accuracy: White = 56%, Black = 100%.} 0-1

[Event "3. Open Bohumin 2020"]
[Site "Bohumin"]
[Date "2020.07.26"]
[Round "9.4"]
[White "Fargac, Martin"]
[Black "Niedbala, Bartlomiej"]
[Result "1/2-1/2"]
[WhiteElo "2329"]
[BlackElo "2379"]
[Annotator "TA"]
[PlyCount "27"]
[EventDate "2020.07.18"]
[EventType "swiss"]
[EventCountry "CZE"]
[SourceTitle "playchess.com"]
[Source "ChessBase"]
[SourceQuality "1"]

{[%evp 9,27,7,11,8,8,2,16,0,0,-4,0,0,0,6,2,8,0,0,2,0]} 1. d4 Nf6 2. Bf4 c5 3. d5 d6 4. Nc3 e5 5. dxe6 Bxe6 {The position is equal.} 6. e4 {A45: Trompowsky Attack.} Nc6 7. Nf3 Be7 8. Be2 O-O 9. O-O d5 10. exd5 Nxd5 11. Nxd5 {[#]} Qxd5 $146 ({Predecessor:} 11... Bxd5 12. Re1 Bf6 13. c3 Re8 14. Qc2 Be4 15. Qb3 Na5 16. Qa4 a6 17. Rad1 Qb6 18. Qd7 Qxb2 19. Bd3 Bc6 20. Qf5 Kf8 21. Bd6+ Re7 22. Qxh7 Ke8 23. Bxe7 {1-0 (23) Chan,Y (2316)-Fier,A (2560) chess.com INT 2020}) 12. Qxd5 Bxd5 13. c3 Rad8 14. Rfd1 {Not much happened in this game.} 1/2-1/2

[Event "3. Open Bohumin 2020"]
[Site "Bohumin"]
[Date "2020.07.26"]
[Round "9.5"]
[White "Weinzettl, Ernst"]
[Black "Kucza, Karol"]
[Result "0-1"]
[WhiteElo "2166"]
[BlackElo "2245"]
[Annotator "TA"]
[PlyCount "58"]
[EventDate "2020.07.18"]
[EventType "swiss"]
[EventCountry "CZE"]
[SourceTitle "playchess.com"]
[Source "ChessBase"]
[SourceQuality "1"]

{[%evp 9,58,10,8,0,18,8,26,30,26,-43,-31,-123,-122,-126,-25,-50,-53,-52,-52,-46,16,20,19,19,24,23,32,18,13,27,78,18,17,22,13,1,1,1,1,0,1,2,21,13,17,4,0,-6508,-6287,-1962,-1911]} 1. e4 e5 2. Nf3 Nc6 3. c3 d5 4. Qa4 Bd7 5. exd5 Nd4 $1 {[%cal Rd4f3]} 6. Qd1 {C44: Ponziani Opening and Scotch Gambit.} Nxf3+ 7. Qxf3 Bd6 8. d3 {White has an edge.} f5 {[#]} 9. Be3 $146 (9. Nd2 $11) ({Predecessor:} 9. Nd2 Nf6 10. Nc4 O-O 11. Nxd6 cxd6 12. Bg5 Qa5 13. Be2 e4 14. dxe4 Nxe4 15. Bf4 Qxd5 {0-1 (26) Soderberg,P (2187)-Dalmau,J (2191) Sweden 2008}) 9... Nf6 {aiming for ...f4.} 10. h3 (10. Bg5 $1 $15) 10... O-O $1 $17 11. Bg5 {[#]} Qe8 ({Black should try} 11... e4 $1 $17 {[%cal Re4f3]} 12. dxe4 fxe4) 12. Bxf6 Rxf6 ({Of course not} 12... gxf6 $6 13. Nd2 $14) 13. Nd2 Qf7 14. Nc4 e4 ({Black should play} 14... Re8 $15) 15. Nxd6 $11 cxd6 16. Qe3 Qxd5 17. dxe4 fxe4 18. Be2 Raf8 19. O-O Rg6 (19... a6 $11 {keeps the balance.}) 20. f4 ({Better is} 20. Rad1 $16 Qc6 21. Rd4) 20... Qc5 21. Qxc5 dxc5 22. Bc4+ Be6 23. f5 Bxc4 24. fxg6 Bxf1 25. Rxf1 {KR-KR} Rd8 26. Kf2 Rd2+ 27. Ke3 Rxg2 ({Avoid the trap} 27... Rxb2 $2 {[#]} 28. Rf8+ $1 {[%mdl 512]} Kxf8 29. gxh7 $18) 28. Rf8+ $2 {[%mdl 8192]} (28. Rf7 $11) 28... Kxf8 $19 29. gxh7 Rg3+ {[%mdl 64] Double Attack. Accuracy: White = 65%, Black = 72%.} 0-1

[Event "3. Open Bohumin 2020"]
[Site "Bohumin"]
[Date "2020.07.26"]
[Round "9.6"]
[White "Michenka, Jozef"]
[Black "Mrazek, Lumir"]
[Result "1/2-1/2"]
[WhiteElo "2299"]
[BlackElo "2327"]
[Annotator "TA"]
[PlyCount "37"]
[EventDate "2020.07.18"]
[EventType "swiss"]
[EventCountry "CZE"]
[SourceTitle "playchess.com"]
[Source "ChessBase"]
[SourceQuality "1"]

{[%evp 23,37,35,50,40,77,28,100,37,38,8,15,15,15,16,18,25]} 1. d4 Nf6 2. c4 e5 3. dxe5 Ng4 4. Bf4 Nc6 5. Nf3 Bb4+ 6. Nbd2 Qe7 7. a3 Ngxe5 8. Nxe5 Nxe5 9. e3 Bxd2+ 10. Qxd2 O-O 11. Be2 d6 12. O-O Ng6 13. Bg3 {A52: Budapest Gambit.} Bd7 14. Bf3 Ne5 (14... Bc6 $11 {remains equal.}) 15. Bxe5 ({White should play} 15. Bxb7 $16 Rab8 16. Bd5) 15... Qxe5 $14 {[#]} 16. Qd4 $146 ({Predecessor:} 16. b4 Bc6 17. Bd5 Rfe8 18. Rac1 a6 19. Rfe1 Qg5 20. g3 Re7 21. Bxc6 bxc6 22. Qc2 h5 23. Qa4 c5 24. Qc6 {½-½ (31) Dunks,P (1902)-Lobley,J (1769) ICCF email 2017}) 16... Rfe8 {The position is equal.} 17. Rfd1 Bc6 18. Bd5 Qxd4 19. Rxd4 {Black took control after the opening.} 1/2-1/2

[Event "3. Open Bohumin 2020"]
[Site "Bohumin"]
[Date "2020.07.26"]
[Round "9.7"]
[White "Horvath, Tomas"]
[Black "Czerwonski, Aleksander"]
[Result "0-1"]
[WhiteElo "2039"]
[BlackElo "2362"]
[Annotator "TA"]
[PlyCount "66"]
[EventDate "2020.07.18"]
[EventType "swiss"]
[EventCountry "CZE"]
[SourceTitle "playchess.com"]
[Source "ChessBase"]
[SourceQuality "1"]

{[%evp 9,66,13,29,16,38,18,38,8,50,54,66,18,32,37,37,31,43,39,77,60,84,37,7,0,0,0,0,0,0,0,14,0,0,0,-5,-14,-17,-9,0,-8,-15,-59,-52,-52,-39,-97,-97,-105,-107,-296,-287,-287,-295,-570,-586,-809,-800,-703,-681]} 1. e4 d6 2. d4 Nf6 3. Nc3 g6 4. Nf3 Bg7 5. h3 a6 6. a4 {B08: Pirc Defence: Classical System.} b6 7. Bc4 Bb7 8. Qe2 {[#] White is slightly better.} d5 $146 ({Predecessor:} 8... O-O 9. O-O Nxe4 10. Nxe4 d5 11. Bd3 dxe4 12. Bxe4 Bxe4 13. Qxe4 Nd7 14. Qc6 Nf6 {0-1 (27) Yasutake,E-Andersen,G (2200) Denver 2019}) 9. exd5 Nxd5 10. Ne4 Nc6 11. c3 O-O 12. O-O Qd7 13. Re1 h6 14. Bd2 Rfe8 15. Ng3 e5 {[%cal Re5d4]} 16. dxe5 Nxe5 17. Nxe5 Rxe5 18. Qd3 Rxe1+ 19. Rxe1 Qc6 {[#] Hoping for ...Ne3!} 20. Bxd5 (20. Ne4 {feels hotter.} Kh7 21. f3 f5 22. Nf2 Bf6 23. g4) 20... Qxd5 21. Qxd5 Bxd5 22. Re7 c5 23. Bf4 Bf8 24. Rc7 Re8 25. Be3 a5 26. Nf1 Rd8 $36 {[%mdl 2048] Black has the initiative.} 27. Nd2 ({White should play} 27. h4 $15) 27... Bd6 28. Ra7 {[#]} g5 $1 29. b4 $2 {This costs White the game.} (29. Ra6 $17 Bc7 30. g3) 29... axb4 $19 30. cxb4 c4 31. Nb1 $2 (31. Nxc4 Bxc4 32. Bxb6) 31... Bb8 {Black is clearly winning.} 32. Bxb6 Re8 {[%cal Re8e1]} 33. f3 Bxa7 {Accuracy: White = 51%, Black = 90%.} 0-1